Normal view
MARC view
- Bayo, Ciro,
Entry Nombre Personal
001 - NUMERO DE CONTROL
- campo de control: 51742
003 - IDENTIFICADOR DE NUMERO DE CONTROL
- campo de control: UPN
005 - FECHA Y HORA DE LA ÜLTIMA TRANSACCIÓN
- campo de control: 20240426111958.0
008 - DATOS DE LONGITUD FIJA
- campo de control de longitud fija: 240426|| aca||aabn | aaa d
040 ## - FUENTE DE CATALOGACIÓN
- Agencia original de catalogación: MX-MxUPN
- Lenguaje de catalogación: spa
- Agencia de transcripción: MX-MxUPN
046 ## - FECHAS CON CODIFICACIÓN ESPECIAL
- Fecha de nacimiento: 1860
- Fecha de muerte: 19390704
100 1# - ENCABEZAMIENTO - NOMBRE PERSONAL
- Nombre personal: Bayo, Ciro,
- Fechas asociadas con el nombre: 1860-1939
370 ## - LUGAR ASOCIADO
- Fuente del término: $naf
- Place of birth: Madrid (España)
- Place of death: Madrid (España)
374 ## - OCUPACIÓN
- Occupation: Viajante
- Occupation: Traductor
- Occupation: Escritor
400 1# - VEÁSE - NOMBRE DE PERSONA
- Personal name: Bayo y Segurola, Ciro,
- Dates associated with a name: 1860-1939
670 ## - FUENTE EN LA QUE SE LOCALIZARON DATOS
- Cita de la fuente: LC, 26 abril 2024 :
- Información localizada: (Bayo, Ciro, 1860-1939)
- Uniform Resource Identifier: https://lccn.loc.gov/n86140453
